书目信息 |
| 题名: |
花岗事件
|
|
| 作者: | 张国通 编著 | |
| 分册: | ||
| 出版信息: | 郑州 河南人民出版社 1999.03 |
|
| 页数: | 227页 | |
| 开本: | 16开 | |
| 丛书名: | ||
| 单 册: | ||
| 中图分类: | ||
| 科图分类: | ||
| 主题词: | 中国--历史 | |
| 电子资源: | ||
| ISBN: | 7-215-04467-X | |
| 000 | 00555nam0 2200205 45 | |
| 001 | 9911191174 | |
| 005 | 19991119112057.5 | |
| 010 | @a7-215-04467-X@d195.00元 | |
| 100 | @a19991119d1999 km y0chiy0120 ea | |
| 101 | @achi | |
| 105 | @a z 000yy | |
| 200 | 1 | @a花岗事件@AHua Gang Shi Jian@f张国通编著@FZhang Guo Tong Bian Zhu |
| 210 | @a郑州@c河南人民出版社@d1999.03 | |
| 215 | @a227页@d16开 | |
| 606 | 0 | @a中国@x历史 |
| 690 | @v3 | |
| 690 | @aK265.9 | |
| 701 | @a张国通@4编著 | |
| 801 | @aCN@bPFTUser@c19991119 | |
| 905 | @f5@b44414-418@dK265.9@eZH835 | |
| 花岗事件/张国通编著.-郑州:河南人民出版社,1999.03 |
| 227页;16开 |
| ISBN 7-215-04467-X:195.00元 |
| ● |
| 相关链接 |
|
|
|
正题名:花岗事件
索取号:K265.9/ZH835
 
预约/预借
| 序号 | 登录号 | 条形码 | 馆藏地/架位号 | 状态 | 备注 |
| 1 | 44414 | 200444144 | 自科二线404/400A自科库 53排1列4层/ [索取号:K265.9/ZH835] | 在馆 | |
| 2 | 44415 | 200444153 | 社科库309/309社科库 37排1列5层/ [索取号:K265.9/ZH835] | 在馆 | |
| 3 | 44416 | 200444162 | 自科二线404/400A自科库 53排1列4层/ [索取号:K265.9/ZH835] | 在馆 | |
| 4 | 44417 | 200444171 | 社科库309/309社科库 37排1列5层/ [索取号:K265.9/ZH835] | 在馆 | |
| 5 | 44418 | 200444180 | 特藏库/ [索取号:K265.9/ZH835] | 在馆 |